Gemeinden Landkreis Dingolfing-Landau - Statistiken

Allgemein
  • Dieses Quiz wurde 60 mal gespielt
  • Das Durchschnittsergebnis liegt bei 9 aus 15
Antwortstatistiken
Einwohner Gemeindeart Gemeinde % Korrekt
13.562 Stadtgemeinde Landau an der Isar
100%
19.985 Stadtgemeinde, Kreisstadt Dingolfing
96%
7.771 Marktgemeinde Reisbach
71%
4.681 Marktgemeinde Frontenhausen
64%
6.661 Marktgemeinde Pilsting
64%
2.251 Gemeinde Gottfrieding
61%
3.232 Gemeinde Mamming
61%
3.699 Gemeinde Marklkofen
57%
4.044 Marktgemeinde Simbach
54%
7.013 Marktgemeinde Wallersdorf
54%
3.606 Gemeinde Loiching
46%
6.035 Gemeinde Mengkofen
46%
4.921 Gemeinde Moosthenning
43%
6.580 Marktgemeinde Eichendorf
39%
2.642 Gemeinde Niederviehbach
36%
Keine übereinstimmenden Quizze gefunden
Verteilung der Resultate
Anzahl Personen mit jedem Resultat
Perzentil nach korrekt beantworteten Fragen
Ihre Resultats-Entwicklung
Sie haben dieses Quiz noch nicht gespielt